[Event "CZE-ch U20 Girls"]
[Site "Jaromerice nad Rokytnou"]
[Date "2023.03.11"]
[Round "1"]
[White "Hosova, Sandra"]
[Black "Dudova, Pavlina"]
[Result "1/2-1/2"]
[WhiteElo "1840"]
[BlackElo "1701"]
[PlyCount "61"]
[EventDate "2023.03.11"]
[EventType "tourn"]
[EventRounds "9"]
[EventCountry "CZE"]
[SourceTitle "CBM 213 Extra"]
[Source "ChessBase"]
[SourceDate "2023.05.31"]
[SourceVersion "1"]
[SourceVersionDate "2023.05.31"]
[SourceQuality "1"]

1. d4 d5 2. Bf4 Nf6 3. Nf3 c5 4. e3 Nc6 5. c3 Qb6 6. Qb3 c4 7. Qxb6 axb6 8. Nbd2 b5 9. b4 Ra3 10. Nb1 Ra6 11. Nbd2 Bf5 12. a3 e6 13. Ra2 h6 14. Be2 Nd7 15. 0-0 g5 16. Bg3 Bg7 17. Rfa1 Ke7 18. Ne1 f6 19. Bf3 Rha8 20. h3 Nb6 21. Kf1 Bg6 22. Bh2 e5 23. Bg3 f5 24. Bh2 Kf7 25. Bd1 f4 26. g3 fxg3 27. fxg3 Rf8 28. Kg2 Ke7 29. g4 exd4 30. exd4 Kd7 31. Nef3 1/2-1/2

[Event "Moravia-Silesia Region-chT 2223"]
[Site "Czech Republic"]
[Date "2023.01.15"]
[Round "6"]
[White "Dudova, Pavlina"]
[Black "Kroliczek, Gabriela"]
[Result "0-1"]
[WhiteElo "1687"]
[BlackElo "1943"]
[PlyCount "96"]
[EventDate "2022.10.09"]
[EventType "team-tourn"]
[EventRounds "11"]
[EventCountry "CZE"]
[SourceTitle "EXT 2024"]
[Source "ChessBase"]
[SourceDate "2023.10.10"]
[SourceVersion "1"]
[SourceVersionDate "2023.10.10"]
[SourceQuality "1"]
[WhiteTeam "Frydek Mistek IV"]
[BlackTeam "Petrovice Inter"]
[WhiteTeamCountry "CZE"]
[BlackTeamCountry "CZE"]

1. e4 c5 2. Nf3 a6 3. c3 e6 4. d4 d5 5. exd5 exd5 6. Bf4 Nc6 7. Be2 Nf6 8. 0-0 Be7 9. Nbd2 0-0 10. dxc5 Bxc5 11. Nb3 Bb6 12. Nfd4 Ne7 13. Re1 Ng6 14. Be3 Bc7 15. Bf3 Qd6 16. g3 Bh3 17. Bg2 Bxg2 18. Kxg2 Rfe8 19. Qc2 Ne4 20. Nd2 h5 21. N2f3 Rad8 22. Nf5 Qd7 23. N5h4 Ne7 24. Ng5 Nf5 25. Nxf5 Qxf5 26. Nxe4 dxe4 27. Qe2 Rd3 28. Rad1 Red8 29. Bd4 h4 30. Rxd3 exd3 31. Qe3 h3+ 32. Kf1 Qb5 33. Rd1 Qxb2 34. Qxd3 Qxa2 35. Qf3 Qc4+ 36. Kg1 Qd5 37. Qxd5 Rxd5 38. Kf1 b5 39. Ke2 f6 40. Ra1 a5 41. Kd3 Kf7 42. Kc2 g5 43. Kb2 a4 44. Rc1 Bd6 45. Be3 Kg6 46. Kc2 Kf5 47. Bd4 Be5 48. Be3 Kg4 0-1

[Event "CZE-chT1E 2223"]
[Site "Czech Republic"]
[Date "2022.10.09"]
[Round "2.1"]
[White "Tovarek, Antonin1111"]
[Black "Dudova, Pavlina"]
[Result "1-0"]
[WhiteElo "1968"]
[BlackElo "1634"]
[PlyCount "137"]
[EventDate "2022.10.08"]
[EventType "team-tourn"]
[EventRounds "11"]
[EventCountry "CZE"]
[SourceTitle "CBM 210 Extra"]
[Source "ChessBase"]
[SourceDate "2022.11.30"]
[SourceVersion "1"]
[SourceVersionDate "2022.11.30"]
[SourceQuality "1"]
[WhiteTeam "Jundrov Jezdci"]
[BlackTeam "Frydek Mistek II"]
[WhiteTeamCountry "CZE"]
[BlackTeamCountry "CZE"]

1. e4 e6 2. c4 d5 3. cxd5 exd5 4. exd5 Nf6 5. Bb5+ Bd7 6. Bc4 Bf5 7. Nc3 Nbd7 8. Nf3 Be7 9. 0-0 0-0 10. Nh4 Bg4 11. f3 Bh5 12. Nf5 Nb6 13. Bb3 Bg6 14. Nxe7+ Qxe7 15. d4 Qd7 16. Bf4 Rac8 17. d6 cxd6 18. d5 Nh5 19. Bc1 Rfe8 20. Qd4 Re7 21. Bg5 f6 22. Bh4 Qf5 23. Rae1 Rce8 24. Ne4 Qd7 25. g4 Bxe4 26. gxh5 Bf5 27. Rxe7 Rxe7 28. h6 g5 29. Bg3 Bh3 30. Qxf6 Bxf1 31. Kxf1 Rf7 32. Qxg5+ Kf8 33. Kg2 Nc8 34. Be5 dxe5 35. Qxe5 Qd6 36. Qh8+ Ke7 37. Qxc8 Qd7 38. Qc5+ Qd6 39. Qe3+ Kd8 40. Qg5+ Qf6 41. h4 Kc8 42. Qg4+ Kd8 43. d6 Rf8 44. Qg5 Kd7 45. Bd5 Kxd6 46. Be4 Qf7 47. Qd2+ Ke7 48. Qb4+ Kd8 49. Qxb7 Qxb7 50. Bxb7 Rf6 51. Be4 Rxh6 52. Kg3 Ke7 53. b4 Kf7 54. b5 Kg7 55. a4 Rf6 56. Kg4 Kh6 57. a5 Kg7 58. b6 axb6 59. a6 Rf7 60. Bb7 b5 61. a7 Rxb7 62. a8Q Rd7 63. Qa1+ Kf7 64. Qa2+ Kg7 65. Qb2+ Kg8 66. Qb3+ Kg7 67. Qxb5 Rf7 68. f4 Kg6 69. Qg5# 1-0

[Event "CZE-ch U18/20 Girls"]
[Site "Spindleruv Mlyn"]
[Date "2022.03.18"]
[Round "8"]
[White "Dudova, Pavlina"]
[Black "Stastna, Martina"]
[Result "1-0"]
[WhiteElo "1765"]
[BlackElo "1847"]
[PlyCount "117"]
[EventDate "2022.03.13"]
[EventType "tourn"]
[EventRounds "9"]
[EventCountry "CZE"]
[SourceTitle "EXT 2023"]
[Source "ChessBase"]
[SourceDate "2022.10.05"]
[SourceVersion "1"]
[SourceVersionDate "2022.10.05"]
[SourceQuality "1"]

1. e4 e5 2. Nf3 Nc6 3. Bb5 a6 4. Ba4 Nf6 5. 0-0 b5 6. Bb3 Be7 7. Re1 0-0 8. h3 d6 9. c3 Na5 10. Bc2 c5 11. d4 Qc7 12. Nbd2 Nc6 13. d5 Nd8 14. a4 Rb8 15. axb5 axb5 16. b4 c4 17. Nf1 Ne8 18. Ng3 g6 19. Nh2 f6 20. Be3 Ng7 21. Qd2 Nf7 22. f3 Kh8 23. Ra2 f5 24. Bf2 f4 25. Ngf1 g5 26. Rea1 h5 27. Bd1 Bb7 28. Qb2 Ra8 29. Nd2 Rxa2 30. Rxa2 Ra8 31. Nb1 Ra6 32. Qa1 Qc8 33. Rxa6 Bxa6 34. Qa5 Bd8 35. Bb6 Bxb6+ 36. Qxb6 Ne8 37. Na3 Nc7 38. Nf1 Qb7 39. Qxb7 Bxb7 40. Kf2 Kg7 41. Be2 Kf6 42. Bd1 Ke7 43. Ke1 Nh8 44. Kf2 Ng6 45. Be2 Kd7 46. Bd1 Ba6 47. Nd2 Ke7 48. Be2 Nf8 49. Ke1 Nd7 50. Kd1 Nb6 51. Kc2 Bc8 52. Nf1 Kf6 53. Kd2 Bd7 54. Bd1 Kg6 55. Nh2 Ne8 56. Ke1 Nf6 57. Kf2 Kh6 58. Kg1 Kg6 59. Kf2 1-0

[Event "CZE-ch U18/20 Girls"]
[Site "Spindleruv Mlyn"]
[Date "2022.03.17"]
[Round "7"]
[White "Kralova, Gabriela"]
[Black "Dudova, Pavlina"]
[Result "1/2-1/2"]
[WhiteElo "1746"]
[BlackElo "1765"]
[PlyCount "67"]
[EventDate "2022.03.13"]
[EventType "tourn"]
[EventRounds "9"]
[EventCountry "CZE"]
[SourceTitle "EXT 2023"]
[Source "ChessBase"]
[SourceDate "2022.10.05"]
[SourceVersion "1"]
[SourceVersionDate "2022.10.05"]
[SourceQuality "1"]

1. d4 d5 2. c4 c6 3. Nc3 Nf6 4. Nf3 e6 5. Bg5 Nbd7 6. cxd5 exd5 7. e3 Be7 8. Bd3 0-0 9. 0-0 Re8 10. Qc2 h6 11. Bf4 Nf8 12. h3 Bd6 13. Bxd6 Qxd6 14. Rab1 N8d7 15. b4 a6 16. Rfc1 Qe7 17. Na4 Ne4 18. Nc5 a5 19. b5 Ndxc5 20. dxc5 Bd7 21. bxc6 Bxc6 22. Nd4 Rec8 23. Rb6 Qe8 24. Bxe4 dxe4 25. Qb2 Qd7 26. Qb1 Qd5 27. Nxc6 bxc6 28. Rb7 Re8 29. a4 Re6 30. Qc2 Rg6 31. Qc4 Qf5 32. Rd1 Qf3 33. Qf1 Qxh3 34. Rdd7 1/2-1/2

[Event "CZE-ch U18/20 Girls"]
[Site "Spindleruv Mlyn"]
[Date "2022.03.13"]
[Round "2"]
[White "Rosenbaumova, Lea"]
[Black "Dudova, Pavlina"]
[Result "1-0"]
[WhiteElo "1838"]
[BlackElo "1765"]
[PlyCount "113"]
[EventDate "2022.03.13"]
[EventType "tourn"]
[EventRounds "9"]
[EventCountry "CZE"]
[SourceTitle "EXT 2023"]
[Source "ChessBase"]
[SourceDate "2022.10.05"]
[SourceVersion "1"]
[SourceVersionDate "2022.10.05"]
[SourceQuality "1"]

1. e4 e6 2. d4 d5 3. exd5 exd5 4. Bd3 Bd6 5. Nc3 c6 6. Nge2 Nf6 7. Bg5 0-0 8. Qd2 Re8 9. 0-0-0 b5 10. f3 Nbd7 11. Ng3 Qc7 12. Nf5 Nb6 13. Nxg7 Kxg7 14. Bh6+ Kh8 15. Qg5 Bf4+ 16. Qxf4 Qxf4+ 17. Bxf4 Be6 18. Rhe1 Nbd7 19. Ne2 Nh5 20. Bh6 Nf8 21. g4 Ng7 22. h4 Ng6 23. h5 Ne7 24. Bg5 Bd7 25. Nf4 Ng8 26. Ng2 Ne6 27. Be3 Ne7 28. Re2 Rf8 29. Nh4 Rae8 30. Rde1 Nc8 31. c3 Nd6 32. Bh6 Rg8 33. Nf5 Nxf5 34. Bxf5 Rd8 35. Re5 Rge8 36. f4 Rg8 37. Kd2 Bc8 38. Rf1 Rge8 39. g5 Ng7 40. Bxg7+ Kxg7 41. h6+ Kg8 42. Rfe1 Rxe5 43. Rxe5 Bxf5 44. Rxf5 Rd6 45. Ke3 Kf8 46. Kf3 Re6 47. Re5 Rd6 48. Kg4 Rg6 49. f5 Rd6 50. Kf4 f6 51. Re6 Rxe6 52. fxe6 fxg5+ 53. Kxg5 Ke7 54. Kf5 Ke8 55. Kf6 Kf8 56. e7+ Ke8 57. b4 1-0

[Event "EU-ch Online U16 Girls"]
[Site "Tornelo INT"]
[Date "2020.09.20"]
[Round "8"]
[White "Dudova, Pavlina"]
[Black "Babineca, Darja"]
[Result "1-0"]
[WhiteElo "1288"]
[BlackElo "1756"]
[PlyCount "41"]
[EventDate "2020.09.18"]
[EventType "swiss (rapid)"]
[EventRounds "9"]
[EventCountry "NET"]
[SourceTitle "EXT 2023"]
[Source "ChessBase"]
[SourceDate "2022.10.05"]
[SourceVersion "1"]
[SourceVersionDate "2022.10.05"]
[SourceQuality "1"]
[WhiteTeam "Czech Republic"]
[BlackTeam "Schweiz"]
[WhiteTeamCountry "CZE"]
[BlackTeamCountry "SUI"]

1. e4 c5 2. Nf3 d6 3. d4 cxd4 4. Nxd4 Nf6 5. Nc3 a6 6. Be2 e5 7. Nb3 Be7 8. 0-0 0-0 9. f4 exf4 10. Bxf4 b5 11. a3 Bb7 12. Bf3 Qb6+ 13. Kh1 Nbd7 14. Qe1 Ne5 15. Qg3 Rfd8 16. Nd5 Nxd5 17. exd5 Bf6 18. Be4 Rac8 19. Be3 Bh4 20. Bxb6 Bxg3 21. Bxd8 1-0

[Event "EU-ch Online U16 Girls"]
[Site "Tornelo INT"]
[Date "2020.09.20"]
[Round "9"]
[White "Yeshchenko, Uliana"]
[Black "Dudova, Pavlina"]
[Result "1-0"]
[WhiteElo "1909"]
[BlackElo "1288"]
[PlyCount "63"]
[EventDate "2020.09.18"]
[EventType "swiss (rapid)"]
[EventRounds "9"]
[EventCountry "NET"]
[SourceTitle "EXT 2023"]
[Source "ChessBase"]
[SourceDate "2022.10.05"]
[SourceVersion "1"]
[SourceVersionDate "2022.10.05"]
[SourceQuality "1"]
[WhiteTeam "Ukraine"]
[BlackTeam "Czech Republic"]
[WhiteTeamCountry "UKR"]
[BlackTeamCountry "CZE"]

1. e4 e6 2. d3 d5 3. Nd2 Nf6 4. Ngf3 c5 5. g3 Nc6 6. Bg2 Bd6 7. 0-0 0-0 8. Re1 Bc7 9. c3 Re8 10. e5 Nd7 11. d4 cxd4 12. cxd4 a6 13. Nf1 b5 14. h4 Bb6 15. N1h2 Bb7 16. h5 Rc8 17. Ng4 Nb4 18. Re2 Qc7 19. a3 Nc6 20. Bf4 Na5 21. b4 Nc4 22. Qd3 Qc6 23. Ng5 g6 24. Nh6+ Kg7 25. Nhxf7 Rf8 26. Nxh7 Kxf7 27. Qxg6+ Ke7 28. Bg5+ Nf6 29. Qg7+ Ke8 30. Qxf8+ Kd7 31. Qf7+ Kd8 32. Bxf6# 1-0

[Event "EU-ch Online U16 Girls"]
[Site "Tornelo INT"]
[Date "2020.09.19"]
[Round "4"]
[White "Dudova, Pavlina"]
[Black "Pajek, Tjasa"]
[Result "1-0"]
[WhiteElo "1288"]
[BlackElo "1570"]
[PlyCount "109"]
[EventDate "2020.09.18"]
[EventType "swiss (rapid)"]
[EventRounds "9"]
[EventCountry "NET"]
[SourceTitle "EXT 2023"]
[Source "ChessBase"]
[SourceDate "2022.10.05"]
[SourceVersion "1"]
[SourceVersionDate "2022.10.05"]
[SourceQuality "1"]
[WhiteTeam "Czech Republic"]
[BlackTeam "Slovenia"]
[WhiteTeamCountry "CZE"]
[BlackTeamCountry "SLO"]

1. e4 e5 2. Nf3 Nc6 3. Bb5 d6 4. d4 exd4 5. Nxd4 Bd7 6. Nc3 Nxd4 7. Bxd7+ Qxd7 8. Qxd4 Nf6 9. 0-0 Be7 10. Bf4 0-0 11. Rfe1 Rfe8 12. Rad1 Qg4 13. Bg3 a6 14. e5 Qxd4 15. Rxd4 dxe5 16. Rxe5 Bd6 17. Rxe8+ Rxe8 18. Kf1 Bxg3 19. hxg3 h5 20. Nd5 Nxd5 21. Rxd5 g6 22. Rd7 Rc8 23. Ke2 Kf8 24. Kd2 Ke8 25. Rd3 Rd8 26. Kc3 Rxd3+ 27. Kxd3 Kd7 28. Kd4 Kd6 29. c4 c5+ 30. Ke4 f6 31. f4 f5+ 32. Ke3 b5 33. b3 b4 34. Kd3 Ke6 35. Ke3 Kf6 36. Kf2 g5 37. Kf3 Kg6 38. Ke3 h4 39. fxg5 Kxg5 40. gxh4+ Kxh4 41. Kf4 a5 42. Kxf5 Kg3 43. Ke5 Kxg2 44. Kd5 Kf2 45. Kxc5 Ke2 46. Kb5 Kd2 47. Kxa5 Kc3 48. c5 Kb2 49. Kxb4 Kxa2 50. c6 Ka1 51. c7 Ka2 52. c8Q Ka1 53. Ka3 Kb1 54. b4 Ka1 55. Qc1# 1-0

[Event "EU-ch Online U16 Girls"]
[Site "Tornelo INT"]
[Date "2020.09.18"]
[Round "1"]
[White "Dylag, Emilia"]
[Black "Dudova, Pavlina"]
[Result "0-1"]
[WhiteElo "1737"]
[BlackElo "1288"]
[PlyCount "80"]
[EventDate "2020.09.18"]
[EventType "swiss (rapid)"]
[EventRounds "9"]
[EventCountry "NET"]
[SourceTitle "EXT 2023"]
[Source "ChessBase"]
[SourceDate "2022.10.05"]
[SourceVersion "1"]
[SourceVersionDate "2022.10.05"]
[SourceQuality "1"]
[WhiteTeam "Poland"]
[BlackTeam "Czech Republic"]
[WhiteTeamCountry "POL"]
[BlackTeamCountry "CZE"]

1. d4 d5 2. c4 c6 3. Nc3 Nf6 4. Nf3 e6 5. Bg5 Nbd7 6. e3 Qa5 7. Nd2 Bb4 8. Qc2 dxc4 9. Bxf6 Nxf6 10. Nxc4 Qc7 11. Bd3 0-0 12. h3 Bd7 13. 0-0 Rac8 14. Rac1 c5 15. dxc5 Qxc5 16. Qb3 Bxc3 17. Qxc3 Bb5 18. b3 Nd5 19. Qb2 Nb4 20. Bb1 Qg5 21. a3 Nd5 22. f4 Qf6 23. Qxf6 Nxf6 24. Nd6 Rxc1 25. Rxc1 Bc6 26. Kf2 Rd8 27. Nc4 Be4 28. Bxe4 Nxe4+ 29. Ke2 f5 30. Rc2 Rc8 31. a4 Kf8 32. Na3 Rxc2+ 33. Nxc2 Ke7 34. Nd4 a6 35. g4 g6 36. gxf5 exf5 37. Nf3 Kd6 38. h4 Kc5 39. Kd3 Kb4 40. Kc2 Nf6 0-1

[Event "EU-ch Online U16 Girls"]
[Site "Tornelo INT"]
[Date "2020.09.18"]
[Round "3"]
[White "Lomaia, Diana"]
[Black "Dudova, Pavlina"]
[Result "1-0"]
[WhiteElo "1734"]
[BlackElo "1288"]
[PlyCount "85"]
[EventDate "2020.09.18"]
[EventType "swiss (rapid)"]
[EventRounds "9"]
[EventCountry "NET"]
[SourceTitle "EXT 2023"]
[Source "ChessBase"]
[SourceDate "2022.10.05"]
[SourceVersion "1"]
[SourceVersionDate "2022.10.05"]
[SourceQuality "1"]
[WhiteTeam "Georgia"]
[BlackTeam "Czech Republic"]
[WhiteTeamCountry "GEO"]
[BlackTeamCountry "CZE"]

1. d4 d5 2. c4 c6 3. Nf3 Nf6 4. e3 e6 5. Nc3 Nbd7 6. Qc2 Be7 7. Bd3 0-0 8. 0-0 dxc4 9. Bxc4 b5 10. Be2 Bb7 11. Rd1 a6 12. Ne5 Qc7 13. Nxd7 Nxd7 14. e4 Rad8 15. Be3 Nf6 16. e5 Nd5 17. Nxd5 Rxd5 18. Bf3 Rd7 19. Rac1 Rc8 20. Be4 g6 21. f4 Qb6 22. Qf2 Qa5 23. g4 Qd8 24. f5 exf5 25. gxf5 Bg5 26. Kh1 Bxe3 27. Qxe3 Qb6 28. e6 fxe6 29. fxg6 hxg6 30. Rg1 Rg7 31. Rc5 Rcc7 32. Bxg6 Bc8 33. Qh6 Rcd7 34. Rh5 Kf8 35. Qh8+ Ke7 36. Qxg7+ Kd8 37. Qe5 Rd5 38. Rh8+ Kd7 39. Qg7+ Kd6 40. Qf8+ Kd7 41. Qxc8+ Ke7 42. Rh7+ Kf6 43. Qf8# 1-0

[Event "Plzen Calliditas op"]
[Site "Plzen"]
[Date "2020.08.29"]
[Round "8"]
[White "Dudova, Pavlina"]
[Black "Mametev, Artem"]
[Result "1/2-1/2"]
[WhiteElo "1496"]
[BlackElo "1479"]
[PlyCount "156"]
[EventDate "2020.08.23"]
[EventType "swiss"]
[EventRounds "9"]
[EventCountry "CZE"]
[SourceTitle "CBM 198 Extra"]
[Source "ChessBase"]
[SourceDate "2020.11.30"]
[SourceVersion "1"]
[SourceVersionDate "2020.11.30"]
[SourceQuality "1"]

1. e4 c5 2. Nf3 e6 3. d4 cxd4 4. Nxd4 a6 5. Nc3 b5 6. Bd3 Bb7 7. Qe2 Qc7 8. 0-0 Nc6 9. Nxc6 Bxc6 10. Bd2 Nf6 11. Kh1 Bc5 12. f4 b4 13. Nd1 Qb7 14. e5 Nd5 15. Nf2 Nxf4 16. Bxf4 Bxg2+ 17. Kg1 Bxf1 18. Rxf1 Qc7 19. Qf3 Ra7 20. Qg3 Kf8 21. Be3 d5 22. Kh1 Bxe3 23. Qxe3 Ke7 24. Qg5+ Kf8 25. Rg1 g6 26. Ng4 Qe7 27. Qh6+ Ke8 28. Rf1 Kd7 29. Qg7 Rf8 30. Nf6+ Kc6 31. Nxh7 Rd8 32. Rf6 Qc7 33. Rf4 Rd7 34. Qf6 Qd8 35. Qxd8 Rxd8 36. Ng5 Rdd7 37. Rxb4 Rab7 38. Rxb7 Rxb7 39. b3 Ra7 40. Kg2 Kc5 41. Nf3 a5 42. a4 Ra8 43. Kg3 d4 44. Kg4 Kd5 45. Kg5 Rh8 46. h4 Rh5+ 47. Kf6 Rh7 48. Ng5 Rxh4 49. Nxf7 Rf4+ 50. Kxg6 Rg4+ 51. Kf6 Rf4+ 52. Ke7 Rf2 53. Ng5 Kxe5 54. Nxe6 Kd5 55. Nc7+ Kc6 56. Nb5 Kc5 57. Ke6 Rh2 58. Ke5 Rh4 59. Bf5 d3 60. Bxd3 Kb4 61. Nd4 Kc5 62. Ne6+ Kb4 63. Kd5 Kc3 64. Kc5 Rb4 65. Nd8 Rh4 66. Nc6 Rh5+ 67. Kb6 Rh6 68. Bb5 Kxc2 69. Kxa5 Kxb3 70. Kb6 Rh8 71. a5 Ra8 72. Na7 Kb4 73. a6 Rb8+ 74. Kc7 Ra8 75. Kb7 Rg8 76. Bc6 Ka5 77. Nb5 Rg7+ 78. Nc7 Rxc7+ 1/2-1/2

[Event "Plzen Calliditas op"]
[Site "Plzen"]
[Date "2020.08.24"]
[Round "2"]
[White "Pacl, Vaclav"]
[Black "Dudova, Pavlina"]
[Result "1-0"]
[WhiteElo "2021"]
[BlackElo "1496"]
[PlyCount "33"]
[EventDate "2020.08.23"]
[EventType "swiss"]
[EventRounds "9"]
[EventCountry "CZE"]
[SourceTitle "CBM 198 Extra"]
[Source "ChessBase"]
[SourceDate "2020.11.30"]
[SourceVersion "1"]
[SourceVersionDate "2020.11.30"]
[SourceQuality "1"]

1. b3 e5 2. Bb2 Nc6 3. e3 d5 4. Bb5 Bd6 5. c4 Be6 6. Nf3 f6 7. cxd5 Bxd5 8. Nc3 Bxf3 9. Qxf3 Nge7 10. 0-0 a6 11. Bc4 Qd7 12. Rfd1 Bc5 13. d4 exd4 14. Qh5+ g6 15. Qxc5 b6 16. Qa3 Qc8 17. Nd5 1-0

[Event "Prague Summer op-B 7th"]
[Site "Prague"]
[Date "2020.08.08"]
[Round "1"]
[White "Spanton, Timothy"]
[Black "Dudova, Pavlina"]
[Result "1-0"]
[WhiteElo "1831"]
[BlackElo "1496"]
[PlyCount "39"]
[EventDate "2020.08.08"]
[EventType "swiss"]
[EventRounds "9"]
[EventCountry "CZE"]
[SourceTitle "EXT 2021"]
[Source "ChessBase"]
[SourceDate "2020.10.23"]
[SourceVersion "1"]
[SourceVersionDate "2020.10.23"]
[SourceQuality "1"]

1. c4 e5 2. Nc3 Nf6 3. Nf3 Nc6 4. e4 Bc5 5. Nxe5 Nxe5 6. d4 Bd6 7. c5 Bxc5 8. dxe5 Ng8 9. Bc4 Ne7 10. Qg4 Ng6 11. Qg3 0-0 12. h4 d6 13. h5 Nxe5 14. h6 g6 15. Bg5 Qd7 16. Nd5 Ng4 17. Qxg4 Bb4+ 18. Kf1 Qxg4 19. Ne7+ Kh8 20. Bf6# 1-0

[Event "CZE-ch U16 Girls"]
[Site "Kouty nad Desnou"]
[Date "2020.03.11"]
[Round "6"]
[White "Dudova, Pavlina"]
[Black "Kuncicka, Klara"]
[Result "1-0"]
[WhiteElo "1499"]
[BlackElo "1223"]
[PlyCount "95"]
[EventDate "2020.03.07"]
[EventType "swiss"]
[EventRounds "7"]
[EventCountry "CZE"]
[SourceTitle "CBM 195 Extra"]
[Source "ChessBase"]
[SourceDate "2020.05.31"]
[SourceVersion "1"]
[SourceVersionDate "2020.05.31"]
[SourceQuality "1"]

1. e4 e5 2. Nf3 Nc6 3. Bb5 d6 4. 0-0 Nf6 5. Nc3 Be7 6. d4 exd4 7. Nxd4 Bd7 8. Bxc6 bxc6 9. b3 0-0 10. Bb2 Re8 11. f4 Bf8 12. Re1 g6 13. Qf3 Bg7 14. h3 c5 15. Ndb5 a6 16. Na3 Bc6 17. Nc4 Nxe4 18. Nxe4 Bxe4 19. Rxe4 Rxe4 20. Qxe4 d5 21. Qe2 dxc4 22. Bxg7 Kxg7 23. Qxc4 Qf6 24. Re1 Qd6 25. Qe4 Rd8 26. Qe5+ Kg8 27. Qxd6 Rxd6 28. Re5 Rc6 29. c4 Kf8 30. Kf2 f6 31. Rd5 Ke7 32. Kf3 Ke8 33. f5 Ke7 34. Kf4 Ke8 35. h4 Ke7 36. g4 g5+ 37. hxg5 fxg5+ 38. Kxg5 h6+ 39. Kf4 Kf6 40. Rd7 Rd6 41. Rxd6+ cxd6 42. a3 a5 43. a4 Kf7 44. g5 hxg5+ 45. Kxg5 Kg7 46. f6+ Kf7 47. Kf5 Kf8 48. Ke6 1-0

[Event "CZE-ch U16 Girls"]
[Site "Kouty nad Desnou"]
[Date "2020.03.09"]
[Round "3"]
[White "Dudova, Pavlina"]
[Black "Londinova, Jasmina Marie"]
[Result "1-0"]
[WhiteElo "1499"]
[BlackElo "1155"]
[PlyCount "41"]
[EventDate "2020.03.07"]
[EventType "swiss"]
[EventRounds "7"]
[EventCountry "CZE"]
[SourceTitle "CBM 195 Extra"]
[Source "ChessBase"]
[SourceDate "2020.05.31"]
[SourceVersion "1"]
[SourceVersionDate "2020.05.31"]
[SourceQuality "1"]

1. e4 e5 2. Nf3 Nc6 3. Bb5 d6 4. 0-0 Bd7 5. d4 Nxd4 6. Nxd4 exd4 7. Bxd7+ Qxd7 8. Qxd4 Nf6 9. Nc3 Be7 10. b3 Qc6 11. Bb2 Rg8 12. Rfe1 Qd7 13. e5 dxe5 14. Qxe5 Kf8 15. Rad1 Qe8 16. Qxc7 b6 17. Re2 Rd8 18. Qxa7 Rxd1+ 19. Nxd1 Qd8 20. Nc3 g6 21. Rxe7 1-0

[Event "Karlovy Vary CupT U16"]
[Site "Karlovy Vary"]
[Date "2020.01.23"]
[Round "3.4"]
[White "Vankova, Marie"]
[Black "Dudova, Pavlina"]
[Result "1-0"]
[WhiteElo "1368"]
[BlackElo "1487"]
[PlyCount "63"]
[EventDate "2020.01.22"]
[EventType "team-swiss"]
[EventRounds "4"]
[EventCountry "CZE"]
[SourceTitle "CBM 194 Extra"]
[Source "ChessBase"]
[SourceDate "2020.03.31"]
[SourceVersion "1"]
[SourceVersionDate "2020.03.31"]
[SourceQuality "1"]
[WhiteTeam "Zlinsky kraj"]
[BlackTeam "Moravskoslezsky kraj"]
[WhiteTeamCountry "CZE"]
[BlackTeamCountry "CZE"]

1. e4 e6 2. d4 d5 3. Nd2 Nf6 4. e5 Nfd7 5. Bd3 c5 6. c3 Nc6 7. Ndf3 Be7 8. Ne2 a6 9. Ng3 b5 10. 0-0 b4 11. Bd2 Qb6 12. Be3 a5 13. Qd2 Ba6 14. Bxa6 Qxa6 15. Bg5 Qb6 16. Bxe7 Nxe7 17. Qg5 Ng6 18. Rab1 Rc8 19. Rfc1 0-0 20. h4 h6 21. Qg4 Kh7 22. Kh2 f5 23. Ng5+ Kg8 24. Qh5 Nf4 25. Qf3 hxg5 26. hxg5 Ng6 27. Qh5 Ne7 28. g6 Rfd8 29. Qh7+ Kf8 30. Nh5 Nb8 31. Qxg7+ Ke8 32. Nf6# 1-0

[Event "CZE-chT U18 Extraliga final-B 1819"]
[Site "Czech Republic"]
[Date "2019.04.13"]
[Round "10.3"]
[White "Zizka, Petr"]
[Black "Dudova, Pavlina"]
[Result "1-0"]
[WhiteElo "1916"]
[BlackElo "1457"]
[PlyCount "71"]
[EventDate "2018.10.05"]
[EventType "team-tourn"]
[EventRounds "11"]
[EventCountry "CZE"]
[SourceTitle "EXT 2023"]
[Source "ChessBase"]
[SourceDate "2022.10.05"]
[SourceVersion "1"]
[SourceVersionDate "2022.10.05"]
[SourceQuality "1"]
[WhiteTeam "Praha Bohemians (U18)"]
[BlackTeam "Frydek Mistek BSS (U18) II"]
[WhiteTeamCountry "CZE"]
[BlackTeamCountry "CZE"]

1. b3 e5 2. Bb2 Nc6 3. e3 Nf6 4. Nf3 e4 5. Ne5 Nxe5 6. Bxe5 d5 7. Be2 c6 8. 0-0 Bd6 9. Bxd6 Qxd6 10. d4 0-0 11. c4 Nd7 12. Nc3 f5 13. cxd5 cxd5 14. Nxd5 Kh8 15. Nc3 Nb6 16. f3 exf3 17. Bxf3 Qe7 18. Qd2 Re8 19. Rae1 Be6 20. e4 fxe4 21. Nxe4 Qc7 22. Nc5 Bd5 23. Bxd5 Nxd5 24. Rf5 Nf6 25. Ne6 Qd7 26. Rfe5 Rac8 27. d5 Qd6 28. h3 Qb6+ 29. Kh1 Qd6 30. Qg5 Rg8 31. Rf5 Qd7 32. Rxf6 gxf6 33. Qxf6+ Rg7 34. Qxg7+ Qxg7 35. Nxg7 Kxg7 36. Re7+ 1-0

[Event "CZE-chT U18 Extraliga Ost 1819"]
[Site "Czech Republic"]
[Date "2019.01.18"]
[Round "5.5"]
[White "Vantuch, Lucian"]
[Black "Dudova, Pavlina"]
[Result "1/2-1/2"]
[WhiteElo "1969"]
[BlackElo "1457"]
[PlyCount "91"]
[EventDate "2018.10.05"]
[EventType "team-tourn"]
[EventRounds "11"]
[EventCountry "CZE"]
[SourceTitle "EXT 2023"]
[Source "ChessBase"]
[SourceDate "2022.10.05"]
[SourceVersion "1"]
[SourceVersionDate "2022.10.05"]
[SourceQuality "1"]
[WhiteTeam "Frydek Mistek BSS (U18)"]
[BlackTeam "Frydek Mistek BSS (U18) II"]
[WhiteTeamCountry "CZE"]
[BlackTeamCountry "CZE"]

1. e4 e5 2. Nf3 Nc6 3. Bc4 Nf6 4. 0-0 Be7 5. d4 exd4 6. Nxd4 d6 7. Nc3 0-0 8. f3 Re8 9. Be3 Bf8 10. Qe2 Nxd4 11. Bxd4 Be6 12. Rad1 Bxc4 13. Qxc4 c6 14. Bxf6 Qxf6 15. f4 Rad8 16. e5 dxe5 17. fxe5 Qe7 18. Rxd8 Rxd8 19. Ne4 Rd5 20. Nd6 Rxe5 21. Kh1 Re1 22. Nf5 Rxf1+ 23. Qxf1 Qf6 24. c3 Qe6 25. b3 Qe5 26. Nd4 Bd6 27. Qg1 Bc5 28. h3 Qg3 29. Qc1 Qf2 30. Qa1 Bxd4 31. cxd4 Kf8 32. a4 Qe3 33. Qa3+ Qe7 34. Qc1 Qb4 35. Qe3 Qe7 36. Qc1 Qb4 37. Qe3 Qe7 38. Qd3 Kg8 39. Qg3 Qd8 40. Qe5 h6 41. b4 f6 42. Qe6+ Kh8 43. Qe4 Qb6 44. Qe8+ Kh7 45. Qe4+ Kh8 46. Qe8+ 1/2-1/2